000 00494nam a2200193Ia 4500
008 151121s9999||||xx |||||||||||||| ||und||
082 _aC।S।
082 _bHNW-74236
100 _aChildren's Book trust
245 _aRemembering Our Leaders-1
260 _bC। B। T।
260 _c--
300 _a138
600 _aChildren's Book trust
630 _aRemembering Our Leaders-1
700 _aChildren's Book trust
730 _aRemembering Our Leaders-1
942 _cBOOK
999 _c1255689
_d1255686